Sports Quiz

Random Sports or Football Quiz

NFL One Amazing Game (Passing) Quiz Stats

 Plays Quiz Updated Mar 2, 2018

Challenge
Share
Tweet
Embed
Score 0/126 Timer 15:00
0 Plays Today
Team Player % Correct
JetsGeno Smith
67.8%
49ersTroy Smith
67.6%
EaglesVince Young
59.1%
TitansVince Young
59.1%
BuccaneersBrad Johnson
53.1%
FalconsDoug Johnson
53%
BroncosJake Plummer
50.1%
RavensSteve McNair
49.5%
PackersMatt Flynn
48.7%
CowboysVinny Testaverde
47.4%
TexansRyan Fitzpatrick
47%
TitansRyan Fitzpatrick
47%
JetsMark Sanchez
47%
EaglesMark Sanchez
47%
VikingsSam Bradford
46.3%
JetsJosh McCown
43.9%
CowboysDrew Bledsoe
42.6%
RedskinsDoug Williams
42.1%
VikingsCase Keenum
42.1%
BrownsDerek Anderson
41.9%
FalconsWade Wilson
41.2%
RaidersMarc Wilson
41.2%
ChiefsMatt Cassel
41.1%
VikingsMatt Cassel
41.1%
TexansDeshaun Watson
39.7%
BengalsJon Kitna
39.3%
CowboysJon Kitna
39.3%
SeahawksWarren Moon
38.3%
BrownsJohnny Manziel
37.4%
BillsKyle Orton
36.6%
CowboysKyle Orton
36.6%
JaguarsByron Leftwich
33.8%
49ersBlaine Gabbert
33.2%
ChargersDoug Flutie
33.1%
SteelersTerry Bradshaw
32.6%
TitansJake Locker
32.6%
ColtsJeff George
32.5%
RaidersJeff George
32.5%
BearsBrian Griese
32.4%
BrownsColt McCoy
32.4%
RedskinsColt McCoy
32.4%
FalconsJoey Harrington
31.7%
Team Player % Correct
LionsJoey Harrington
31.7%
DolphinsJoey Harrington
31.7%
GiantsJeff Hostetler
30.8%
RaidersJeff Hostetler
30.8%
CardinalsChris Chandler
30%
TitansChris Chandler
30%
JaguarsChad Henne
29.9%
CardinalsDave Krieg
29.6%
LionsDave Krieg
29.6%
49ersBrian Hoyer
29.1%
RamsMark Rypien
28.8%
BearsBrian Hoyer
28.4%
EaglesCarson Wentz
28.2%
BrownsJason Campbell
27.4%
RedskinsJason Campbell
27.4%
CowboysKellen Moore
27.2%
ChargersJim Harbaugh
26.3%
RaidersKen Stabler
25.6%
TitansKen Stabler
25.6%
TexansTom Savage
24.4%
CardinalsMatt Leinart
24.2%
49ersJimmy Garoppolo
23.6%
SeahawksTrent Dilfer
22.9%
49ersElvis Grbac
22.9%
SeahawksJim Zorn
22.7%
TitansNeil O'Donnell
22.7%
RamsAustin Davis
22.1%
BroncosSteve DeBerg
20.6%
ChiefsSteve DeBerg
20.6%
DolphinsSteve DeBerg
20.6%
BuccaneersSteve DeBerg
20.6%
ChargersJim McMahon
20%
TexansCase Keenum
19.7%
FalconsBobby Hebert
19.7%
SaintsBobby Hebert
19.7%
EaglesKevin Kolb
19.5%
BroncosGus Frerotte
18.9%
LionsGus Frerotte
18.9%
DolphinsGus Frerotte
18.9%
EaglesBubby Brister
18.4%
SteelersBubby Brister
18.4%
LionsCharlie Batch
18%
Team Player % Correct
CardinalsJeff Blake
16.8%
BillsVince Ferragamo
16.3%
RamsVince Ferragamo
16.3%
DolphinsDavid Woodley
15.5%
PanthersChris Weinke
15.2%
ColtsDan Orlovsky
15.1%
CardinalsSteve Beuerlein
14.8%
RaidersSteve Beuerlein
14.8%
BearsMatt Barkley
14.4%
DolphinsBernie Kosar
14.3%
RaidersTodd Marinovich
14.2%
JetsFrank Reich
13.1%
RedskinsPatrick Ramsey
11.8%
PatriotsTom Ramsey
11.8%
DolphinsDon Strock
11.7%
49ersTim Rattay
10.1%
SaintsBilly Joe Tolliver
10%
ChargersBilly Joe Tolliver
10%
RamsJames Harris
9.8%
RamsJamie Martin
8.4%
BuccaneersJack Thompson
7.8%
CardinalsKent Graham
7.4%
49ersJeff Kemp
7.3%
BearsShane Matthews
6.9%
JaguarsQuinn Gray
6.9%
JetsGlenn Foley
6.5%
CardinalsTimm Rosenbach
6.5%
LionsChuck Long
6.2%
ColtsJack Trudeau
6%
CowboysGary Hogeboom
5.8%
SeahawksKelly Stouffer
5%
PatriotsHugh Millen
5%
JetsBrowning Nagle
4.3%
RedskinsJohn Friesz
4.1%
VikingsSean Salisbury
3.4%
GiantsScott Brunner
3.1%
RedskinsJeff Rutledge
2.5%
FalconsDavid Archer
2.4%
TitansGifford Nielsen
1.9%
VikingsSteve Dils
1.4%
ChargersMark Herrmann
1%
BillsBruce Mathison
0.9%

You're not logged in!

Compare scores with friends on all Sporcle quizzes.
Join for Free
OR
Log In

You Might Also Like...

Show Comments

Extras

Top Quizzes Today


Score Distribution

Your Account Isn't Verified!

In order to create a playlist on Sporcle, you need to verify the email address you used during registration. Go to your Sporcle Settings to finish the process.

Report this User

Report this user for behavior that violates our Community Guidelines.

Details: